El buscón : enero-febrero de 1984 /
Publicación periódica en que se revisan temas sociales y políticos, tanto desde una perspectiva teórica como analítica, de asuntos coyunturales y de relevancia para la vida política de México. Contenido: Por una democracia sin tlatoani (Enrique Montalvo); El PCM: huellas indelebles (Enrique Semo); L...
Saved in:
| Other Authors: | |
|---|---|
| Format: | Book |
| Language: | Español |
| Subjects: | |
| Tags: |
No Tags, Be the first to tag this record!
|
MARC
| LEADER | 00000nam^a2200000^a^4500 | ||
|---|---|---|---|
| 001 | 000187065 | ||
| 005 | 20250521000000.0 | ||
| 009 | 20260310102247.627 | ||
| 037 | |a Acervo ITESO - Biblioteca | ||
| 041 | |a ESP | ||
| 082 | |a 300. 5 |b BUS 1984 V. 8 | ||
| 240 | 1 | 4 | |a [El buscón] |
| 245 | 0 | 3 | |a El buscón : |b enero-febrero de 1984 / |c Dir. de I. Semo. |
| 264 | |a México : |b Letrofilia, |c 1984 | ||
| 300 | |a 207 p. | ||
| 336 | |a texto |b txt |2 rdacontenido | ||
| 337 | |a sin mediación |b n |2 rdamedio | ||
| 338 | |a volumen |b nc |2 rdasoporte | ||
| 520 | |a Publicación periódica en que se revisan temas sociales y políticos, tanto desde una perspectiva teórica como analítica, de asuntos coyunturales y de relevancia para la vida política de México. Contenido: Por una democracia sin tlatoani (Enrique Montalvo); El PCM: huellas indelebles (Enrique Semo); La infancia eterna (Francisco José Paoli); Los sueños de la modernidad producen monstruos (Francisco Valdés); El pretexto (Ricardo Esquer); Final de utopía (Erich Fromm); 1984 y nosotros (Héctor Manjarrez); Historia con irlandeses (José Luis González); Dossier: La intervención alemana en México, 1935-1941; La conexión alemana (Friedrich Katz), El espionaje alemán en México: una documentación; Piden pan y no les dan (John Bigman Jones); Las golosinas del poder; Los trabajos del mar [de José Emilio Pacheco] (Christopher Domínguez); Ultimo jardín [de Myriam Moscona] (Elva Macías); Luna manchada [de Margarita Mansilla] (Juan Coronado). | ||
| 649 | |a XX | ||
| 650 | |a Escritores Ingleses | ||
| 650 | |a Escritores Mexicanos | ||
| 650 | |a Mujeres Mexicanas | ||
| 650 | |a Libros - |x Reseñas | ||
| 650 | |a Ciencia-Ficción - |x Historia y Crítica | ||
| 650 | |a Novela Inglesa - |x Historia y Crítica | ||
| 650 | |a Literatura Inglesa - |y Siglo XX | ||
| 650 | |a Literatura Inglesa - |x Historia y Crítica | ||
| 650 | |a Cuentos Mexicanos | ||
| 650 | |a Poesía Mexicana | ||
| 650 | |a Literatura Mexicana - |y Siglo XX | ||
| 650 | |a Literatura Mexicana - |x Historia y Crítica | ||
| 650 | |a Literatura de Mujeres - |z México - |x Historia y Crítica | ||
| 650 | |a Utopía | ||
| 650 | |a Modernización - |z México - |x Historia | ||
| 650 | |a Desarrollo Económico-Social - |z México - |x Historia | ||
| 650 | |a Nazismo - |z Alemania | ||
| 650 | |a Espionaje y Contraespionaje - |z Alemania - |x Historia - |y Tercer Reich, 1933-1945 | ||
| 650 | |a Partido Comunista Mexicano - |x Historia | ||
| 650 | |a Partidos de Izquierda - |z México - |x Historia - |y 1964-1970 | ||
| 650 | |a Partidos de Izquierda - |z México - |x Historia - |y 1970-1976 | ||
| 650 | |a Partidos Políticos - |z México - |x Historia - |y 1964-1970 | ||
| 650 | |a Partidos Políticos - |z México - |x Historia - |y 1970-1976 | ||
| 650 | |a Etica Política - |z México - |x Historia - |y 1982-1988 | ||
| 650 | |a Discurso Político - |z México - |x Historia - |y 1982-1988 | ||
| 650 | |a Democracia - |z México - |x Historia - |y 1982-1988 | ||
| 650 | |a Sistema Político - |z México - |x Historia - |y 1982-1988 | ||
| 650 | |a Política Exterior - |z Alemania - |x Historia - |y Tercer Reich, 1933-1945 | ||
| 650 | |a Política Exterior - |z México - |x Historia - |y Régimen Cardenista, 1934-1940 | ||
| 650 | |a Relaciones Internacionales - |z México-Alemania | ||
| 650 | |a Guerra Mundial (Segunda), 1939-1945 - |x Historia | ||
| 650 | |a Economía - |z México - |x Historia - |y 1970-1976 | ||
| 650 | |a Economía - |z México - |x Historia - |y 1976-1982 | ||
| 650 | |a Economía - |z México - |x Historia - |y 1982-1988 | ||
| 650 | |a Política - |z México - |x Historia - |y 1964-1970 | ||
| 650 | |a Política - |z México - |x Historia - |y 1970-1976 | ||
| 650 | |a Política - |z México - |x Historia - |y 1976-1982 | ||
| 650 | |a Política - |z México - |x Historia - |y 1982-1988 | ||
| 650 | |a Política - |z México - |x Historia - |y Siglo XX | ||
| 650 | |a Política - |x Publicaciones Periódicas Mexicanas | ||
| 650 | |a Ciencias Sociales - |x Publicaciones Periódicas Mexicanas | ||
| 650 | |a Publicaciones Periódicas Mexicanas | ||
| 650 | |a Pacheco, José Emilio | ||
| 650 | |a Mansilla, Margarita | ||
| 650 | |a Moscona, Myriam | ||
| 600 | |a Orwell, George | ||
| 700 | |a Semo, Ilán |e (dirección) | ||
| 910 | |a Fondo General | ||
| 920 | |a Impresos - Libros | ||
| 930 | |a Colección General | ||
| 905 | |a 101 | ||
| 901 | |a 0500128962 |b IT1 |c ACC |u 20250521 | ||
| 902 | |a https://opac.biblio.iteso.mx/vufind/Record/000187065 | ||